DATA ANALYSIS (Record no. 216316)
[ view plain ]
| 000 -LEADER | |
|---|---|
| fixed length control field | 00594nam a22001817a 4500 |
| 008 - FIXED-LENGTH DATA ELEMENTS--GENERAL INFORMATION | |
| fixed length control field | 251201b |||||||| |||| 00| 0 eng d |
| 020 ## - INTERNATIONAL STANDARD BOOK NUMBER | |
| International Standard Book Number | 978-93-87472-65-5 |
| 050 ## - LIBRARY OF CONGRESS CALL NUMBER | |
| Classification number | QA 276.45.R3 B57 2019 |
| 100 ## - MAIN ENTRY--PERSONAL NAME | |
| Personal name | BISHNU VANDANA PARTHA |
| 245 ## - TITLE STATEMENT | |
| Title | DATA ANALYSIS |
| Remainder of title | USING STATISTICS AND PROBABILITY WITH R LANGUAGE |
| 260 ## - PUBLICATION, DISTRIBUTION, ETC. | |
| Place of publication, distribution, etc. | DELHI |
| Name of publisher, distributor, etc. | PHI LEARNING PRIVATE LIMITED |
| Date of publication, distribution, etc. | 2019 |
| 300 ## - PHYSICAL DESCRIPTION | |
| Extent | X,573 |
| 500 ## - GENERAL NOTE | |
| General note | INCLUDES BIBLIOGRAPHY AND INDEX |
| 650 ## - SUBJECT ADDED ENTRY | |
| Topical term or geographic name entry element | Statistics- data processing probabilities- data processing |
| 700 ## - ADDED ENTRY--PERSONAL NAME | |
| Personal name | BHATTACHERJEE VANDANA |
| 942 ## - ADDED ENTRY ELEMENTS (KOHA) | |
| Source of classification or shelving scheme | Library of Congress Classification |
| Koha item type | Long Loan Book |
| Withdrawn status | Lost status | Source of classification or shelving scheme | Damaged status | Not for loan | Collection | Home library | Current library | Shelving location | Date acquired | Inventory number | Total checkouts | Full call number | Barcode | Date last seen | Copy number | Price effective from | Koha item type |
|---|---|---|---|---|---|---|---|---|---|---|---|---|---|---|---|---|---|
| Library of Congress Classification | Science & Technology | Kisii University Library | Kisii University Library | On Display | 12/01/2025 | 110258 | QA 276.45.R3 B57 2019 | 000000020371 | 12/01/2025 | C.4 | 12/01/2025 | Long Loan Book | |||||
| Library of Congress Classification | Science & Technology | Kisii University Library | Kisii University Library | On Display | 12/01/2025 | 110257 | QA 276.45.R3 B57 2019 | 000000020372 | 12/01/2025 | C.3 | 12/01/2025 | Long Loan Book | |||||
| Library of Congress Classification | Science & Technology | Kisii University Library | Kisii University Library | On Display | 12/01/2025 | 110256 | QA 276.45.R3 B57 2019 | 000000020469 | 12/01/2025 | C.2 | 12/01/2025 | Long Loan Book | |||||
| Library of Congress Classification | Science & Technology | Kisii University Library | Kisii University Library | On Display | 12/01/2025 | 110255 | QA 276.45.R3 B57 2019 | 000000020470 | 12/01/2025 | C.1 | 12/01/2025 | Long Loan Book |